Traceability in the Dairy Industry in Europe Theory and Practice /

This book explores food traceability in raw materials, additives and packing of the dairy sector and it provides an accessible and succinct overview of the new Extended Traceability (ExTra) software. In this work, the authors present several practical examples of extended food traceability for edibl...

Πλήρης περιγραφή

Λεπτομέρειες βιβλιογραφικής εγγραφής
Κύριοι συγγραφείς: Mania, Ignazio (Συγγραφέας, http://id.loc.gov/vocabulary/relators/aut), Delgado, Amélia Martins (http://id.loc.gov/vocabulary/relators/aut), Barone, Caterina (http://id.loc.gov/vocabulary/relators/aut), Parisi, Salvatore (http://id.loc.gov/vocabulary/relators/aut)
Συγγραφή απο Οργανισμό/Αρχή: SpringerLink (Online service)
Μορφή: Ηλεκτρονική πηγή Ηλ. βιβλίο
Γλώσσα:English
Έκδοση: Cham : Springer International Publishing : Imprint: Springer, 2018.
Έκδοση:1st ed. 2018.
Θέματα:
Διαθέσιμο Online:Full Text via HEAL-Link
LEADER 04057nam a2200601 4500
001 978-3-030-00446-0
003 DE-He213
005 20191026092729.0
007 cr nn 008mamaa
008 181004s2018 gw | s |||| 0|eng d
020 |a 9783030004460  |9 978-3-030-00446-0 
024 7 |a 10.1007/978-3-030-00446-0  |2 doi 
040 |d GrThAP 
050 4 |a TP248.65.F66 
072 7 |a TDCT  |2 bicssc 
072 7 |a TEC012000  |2 bisacsh 
072 7 |a TDCT  |2 thema 
082 0 4 |a 641.3  |2 23 
082 0 4 |a 664  |2 23 
100 1 |a Mania, Ignazio.  |e author.  |4 aut  |4 http://id.loc.gov/vocabulary/relators/aut 
245 1 0 |a Traceability in the Dairy Industry in Europe  |h [electronic resource] :  |b Theory and Practice /  |c by Ignazio Mania, Amélia Martins Delgado, Caterina Barone, Salvatore Parisi. 
250 |a 1st ed. 2018. 
264 1 |a Cham :  |b Springer International Publishing :  |b Imprint: Springer,  |c 2018. 
300 |a X, 160 p. 41 illus. in color.  |b online resource. 
336 |a text  |b txt  |2 rdacontent 
337 |a computer  |b c  |2 rdamedia 
338 |a online resource  |b cr  |2 rdacarrier 
347 |a text file  |b PDF  |2 rda 
505 0 |a Food Traceability System in Europe: Basic and Regulatory Requirements -- Raw Materials in the Cheesemaking Field and Related Input Data in the Traceability -- The ExTra tool: a Practical Example of Extended Food Traceability for Cheese Productions -- The ExTra tool: Practical Simulations in the Cheesemaking Industry when using Cheeses, Butter, and Rennet Caseins -- The Legislative Status of Food Additives in the Cheesemaking Field: the European Perspective -- Food Additives in Cheese Substitutes -- Food Additives for Analogue Cheeses and Traceability: The "ExTra" Tool -- Food Packaging and the Mandatory Traceability in Europe -- Food Packaging Materials in the Cheesemaking Field -- The ExTra tool: Practical Simulations of Traceability for Cheese Packaging Materials. 
520 |a This book explores food traceability in raw materials, additives and packing of the dairy sector and it provides an accessible and succinct overview of the new Extended Traceability (ExTra) software. In this work, the authors present several practical examples of extended food traceability for edible products and food-contact materials in the cheese-making industry. Readers will also discover a summary of the existing legal and regulatory requirements for food traceability in Europe. This book will appeal to a wide readership, from academic researchers to professionals and auditors in industry working in quality control, food and packing traceability, and international regulation. . 
650 0 |a Food-Biotechnology. 
650 0 |a Nutrition   . 
650 0 |a Business logistics. 
650 0 |a Commercial law. 
650 0 |a Quality control. 
650 0 |a Reliability. 
650 0 |a Industrial safety. 
650 1 4 |a Food Science.  |0 http://scigraph.springernature.com/things/product-market-codes/C15001 
650 2 4 |a Nutrition.  |0 http://scigraph.springernature.com/things/product-market-codes/C18000 
650 2 4 |a Supply Chain Management.  |0 http://scigraph.springernature.com/things/product-market-codes/519030 
650 2 4 |a Commercial Law.  |0 http://scigraph.springernature.com/things/product-market-codes/R12026 
650 2 4 |a Quality Control, Reliability, Safety and Risk.  |0 http://scigraph.springernature.com/things/product-market-codes/T22032 
700 1 |a Delgado, Amélia Martins.  |e author.  |4 aut  |4 http://id.loc.gov/vocabulary/relators/aut 
700 1 |a Barone, Caterina.  |e author.  |4 aut  |4 http://id.loc.gov/vocabulary/relators/aut 
700 1 |a Parisi, Salvatore.  |e author.  |4 aut  |4 http://id.loc.gov/vocabulary/relators/aut 
710 2 |a SpringerLink (Online service) 
773 0 |t Springer eBooks 
776 0 8 |i Printed edition:  |z 9783030004453 
776 0 8 |i Printed edition:  |z 9783030004477 
776 0 8 |i Printed edition:  |z 9783030131135 
856 4 0 |u https://doi.org/10.1007/978-3-030-00446-0  |z Full Text via HEAL-Link 
912 |a ZDB-2-CMS 
950 |a Chemistry and Materials Science (Springer-11644)